|
|
|
|
| LEADER |
00000nam0a2200000 4500 |
| 001 |
5934 |
| 005 |
20231030175832.0 |
| 010 |
|
|
|a 5211038320
|
| 035 |
|
|
|a (RuTPU)RU\TPU\book\5963
|
| 035 |
|
|
|a BOOK00006016
|
| 090 |
|
|
|a 5934
|
| 100 |
|
|
|a 20011209d1997 m y0rusy50 ca
|
| 101 |
0 |
|
|a rus
|
| 102 |
|
|
|a RU
|
| 105 |
|
|
|a y z 000ad
|
| 200 |
1 |
|
|a От Пушкина к Чехову
|e В помощь преподавателям, старшеклассникам и абитуриентам
|h Вып. 9-10
|f В. А. Недзвецкий
|
| 210 |
|
|
|a Москва
|c Изд-во МГУ
|d 1997
|
| 215 |
|
|
|a 188 с.
|
| 225 |
1 |
|
|a Перечитывая классику
|
| 600 |
|
1 |
|a Пушкин
|g Александр Сергеевич
|c русский писатель, поэт
|f 1799 - 1837
|b А. С.
|2 stltpui
|3 (RuTPU)RU\TPU\pers\1026
|
| 600 |
|
1 |
|a Лермонтов
|g Михаил Юрьевич
|c русский поэт
|f 1814 - 1841
|c писатель
|b М. Ю.
|2 stltpui
|3 (RuTPU)RU\TPU\pers\1023
|
| 600 |
|
1 |
|a Гоголь
|g Николай Васильевич
|b Н. В.
|c русский писатель
|f 1809-1852
|2 stltpui
|3 (RuTPU)RU\TPU\pers\1036
|
| 600 |
|
1 |
|a Тургенев
|g Иван Сергеевич
|b И. С.
|f 1818 - 1883
|c русский писатель
|2 stltpui
|3 (RuTPU)RU\TPU\pers\1039
|
| 600 |
|
1 |
|a Достоевский
|g Федор Михайлович
|f 1821-1881
|c русский писатель
|b Ф. М.
|2 stltpui
|3 (RuTPU)RU\TPU\pers\1038
|
| 600 |
|
1 |
|a Чехов
|g Антон Павлович
|b А. П.
|c русский писатель
|f 1860-1904
|2 stltpui
|3 (RuTPU)RU\TPU\pers\1035
|
| 610 |
1 |
|
|a литературоведение
|
| 610 |
1 |
|
|a литература
|
| 610 |
1 |
|
|a русская литература
|
| 610 |
1 |
|
|a 19 век
|
| 610 |
1 |
|
|a 20 век
|
| 675 |
|
|
|a 8Р(092)
|v 3
|
| 700 |
|
1 |
|a Недзвецкий
|b В. А.
|g Валентин Александрович
|
| 801 |
|
0 |
|a RU
|b 63413507
|c 20011209
|g PSBO
|
| 801 |
|
2 |
|a RU
|b 63413507
|c 20070403
|g PSBO
|
| 942 |
|
|
|c BK
|